00486 2200193 4500001002100000005001500021035002000036007000300056008004100059020001800100082000800118084001400126100001700140245005900157250001000216260003200226300002600258990000800284INLIS00000000000087720260507093743 a0010-0526000129ta260507 0 ind  a9786027826014 a297 a297 ABD m0 aAbdul Rahman1 aMenalar Tasawuf Anregurutta Ambo Dalle /cAbdul Rahman aCet.3 aCiputat :bDialekika,c2013 a164 hlm ;c14 x 21 cm a058